000 01381cam a2200337 a 4500
001 1201
005 20230824095720.0
008 070608s2007 nyu b 000 1 eng
020 _a0439874130 (pbk.)
020 _a9780439874137
040 _aDLC
_cDLC
_beng
050 0 0 _aPZ7.M59433
_bPat 2007
082 0 0 _aFic
100 1 _aMiles, Ellen.
245 1 0 _aPatches /
_cEllen Miles.
250 _aFirst printing, March 2007
260 _aNew York :
_bScholastic,
_c2007.
300 _a73 pages :
_c20 cm
_bIllustrations;
490 0 _aPuppy place ;
500 _a"A Little Apple paperback"
505 _aN
520 _aCharles and Lizzie Peterson love puppies. They have a puppy of their own named Buddy, but they also foster dogs that need help finding new homes. Charles and his friend Sammy are on their way home from school one day when they hear a puppy crying. His name is Patches, and he's tied up in a garage all by himself. His owners seem to care ABOUT Patches, but they don't know how to care FOR him. And it's up to Charles and Lizzie to show them!
521 0 _a570
_bLexile
521 1 _aN
_bRaz-Plus
650 1 _aDog adoption
_vFiction.
650 1 _aBeagle (Dog breed)
_vFiction.
650 1 _aDogs
_vFiction.
650 1 _aAnimals
_xInfancy
_vFiction.
906 _a7
_bcbc
_corigres
_d2
_encip
_f20
_gy-gencatlg
942 _2ddc
_cBK
_n0
999 _c1201
_d1201